Kantony Szwajcarii (z mapą) - Statystyki

Ogólne statystyki
  • Ten quiz został rozwiązany 537 razy
  • Średni wynik to 8 z 26
Odpowiedzi na mapie
Odpowiedzi zakodowano w zielono-czerwonej skali na mapie do tego quizu, zgodnie z poniższymi procentami.
 
Statystyki odpowiedzi
Kanton % Poprawnych
Berno
84%
Genewa
76%
Zurych
56%
Tessyn
40%
Bazylea-Okręg
38%
Zug
37%
Valais
36%
Sankt Gallen
33%
Uri
33%
Vaud
33%
Jura
32%
Schwyz
29%
Neuchâtel
28%
Lucerna
27%
Fryburg
25%
Nidwalden
23%
Argowia
22%
Gryzonia
22%
Obwalden
22%
Szafuza
21%
Appenzell Innerrhoden
20%
Appenzell Ausserrhoden
19%
Bazyela-Masto
17%
Glarus
17%
Turgowia
16%
Solothurn
13%
Nie znaleziono quizów pasujących do podanych kryteriów
Rozkład punktacji
Procent ludzi z każdym wynikiem
Percentyl według liczby udzielonych odpowiedzi
Twoja historia wyników
Nie rozwiązałeś tego quizu